The influence of agricultural development program of rural poverty reduction project in svay rieng on trans -border migration to vietnam ,ឥទ្ធិពលរបស់កម្មវិធីអភិវឌ្ឍន៍កសិកម្មនៃគំរោងកាត់បន្ថយភាពក្រីក្រ នៅជនបទ ខេត្តស្វាយរៀងលើបញ្ហាចំណាកស្រុក ទៅប្រទេសវៀតណាម (Record no. 6663)
[ view plain ]
| 000 -LEADER | |
|---|---|
| fixed length control field | 00875nam a22001577a 4500 |
| 003 - CONTROL NUMBER IDENTIFIER | |
| control field | OSt |
| 005 - DATE AND TIME OF LATEST TRANSACTION | |
| control field | 20160211161444.0 |
| 008 - FIXED-LENGTH DATA ELEMENTS--GENERAL INFORMATION | |
| fixed length control field | 160211b xxu||||| |||| 00| 0 eng d |
| 040 ## - CATALOGING SOURCE | |
| Transcribing agency | RUA |
| 082 ## - DEWEY DECIMAL CLASSIFICATION NUMBER | |
| Classification number | MGR SER 2007 B390 Or.1 |
| 100 ## - MAIN ENTRY--PERSONAL NAME | |
| 9 (RLIN) | 7081 |
| Personal name | SEREY MARDY ; សិរី ម៉ារឌី |
| 245 ## - TITLE STATEMENT | |
| Title | The influence of agricultural development program of rural poverty reduction project in svay rieng on trans -border migration to vietnam ,ឥទ្ធិពលរបស់កម្មវិធីអភិវឌ្ឍន៍កសិកម្មនៃគំរោងកាត់បន្ថយភាពក្រីក្រ នៅជនបទ ខេត្តស្វាយរៀងលើបញ្ហាចំណាកស្រុក ទៅប្រទេសវៀតណាម |
| 260 ## - PUBLICATION, DISTRIBUTION, ETC. (IMPRINT) | |
| Place of publication, distribution, etc. | Phnom Penh |
| Name of publisher, distributor, etc. | RUA |
| Date of publication, distribution, etc. | 2007 |
| 300 ## - PHYSICAL DESCRIPTION | |
| Extent | xiii; 83p. |
| Other physical details | ill. |
| Dimensions | 29cm. |
| 942 ## - ADDED ENTRY ELEMENTS (KOHA) | |
| Source of classification or shelving scheme | |
| Koha item type | MGR |
| Price effective from | Date last seen | Permanent Location | Not for loan | Date acquired | Source of classification or shelving scheme | Koha item type | Lost status | Withdrawn status | Date last checked out | Total Checkouts | Shelving location | Damaged status | Barcode | Current Location | Full call number |
|---|---|---|---|---|---|---|---|---|---|---|---|---|---|---|---|
| 2016-02-11 | 2018-11-19 | Library Block B | 2016-02-11 | MGR | 2018-11-05 | 1 | B390 | RUA048169 | Library Block B | MGR SER 2007 B390 Or.1 | |||||
| 2016-02-11 | 2016-02-11 | Library Block B | 2016-02-11 | MGR | B390 | RUA050127 | Library Block B | MGR SER 2007 B390 Or.2 | |||||||
| 2016-02-11 | 2016-02-11 | Library Block B | 2016-02-11 | MGR | B390 | RUA048389 | Library Block B | MGR SER 2007 B390 Or.3 | |||||||
| 2016-02-11 | 2016-02-11 | Library Block B | 2016-02-11 | MGR | B390 | RUA051297 | Library Block B | MGR SER 2007 B390 Or.4 | |||||||
| 2016-02-11 | 2016-02-11 | Library Block B | 2016-02-11 | MGR | B390 | RUA049135 | Library Block B | MGR SER 2007 B390 Or.5 | |||||||
| 2016-02-11 | 2016-02-11 | Library Block B | 2016-02-11 | MGR | B390 | RUA048204 | Library Block B | MGR SER 2007 B390 Or.6 | |||||||
| 2016-02-11 | 2016-05-26 | Library Block B | 2016-02-11 | MGR | 2016-04-27 | 1 | B390 | RUA048481 | Library Block B | MGR SER 2007 B390 Or.7 | |||||
| 2016-02-11 | 2018-03-12 | Library Block B | 2016-02-11 | MGR | 2018-03-06 | 1 | B390 | RUA048175 | Library Block B | MGR SER 2007 B390 Or.8 | |||||
| 2016-02-11 | 2016-02-11 | Library Block B | 2016-02-11 | MGR | B390 | RUA048136 | Library Block B | MGR SER 2007 B390 Or.9 |